Cream Discography - Statistics

General Stats
  • This quiz has been taken 13 times
    9 since last reset
  • The average score is 10 of 21
Answer Stats
Type Year Name % Correct
Album 1966 Fresh Cream
100%
Album 1969 Goodbye
100%
Live Album 1970 Live Cream
100%
Album 1968 Wheels of Fire
100%
Album 1967 Disraeli Gears
86%
Live Album 1972 Live Cream Volume II
86%
Live Album 2005 Royal Albert Hall London May 2-3-5-6, 2005
71%
Compilation 2000 20th Century Masters - The Millennium Collection: The Best of Cream
57%
Compilation 1969 Best of Cream
57%
Compilation 1983 Strange Brew: The Very Best of Cream
57%
Compilation 1995 The Very Best of Cream
57%
Live Album 2003 BBC Sessions
29%
Compilation 1972 Heavy Cream
29%
Compilation 1973 Cream Off the Top
14%
Compilation 2005 Gold
14%
Compilation 2011 Icon
14%
Compilation 2005 I Feel Free - Ultimate Cream
14%
Compilation 2013 The Alternative Album
14%
Compilation 1997 Those Were the Days
14%
Compilation 2020 Goodbye Tour: Live 1968
0%
Compilation 2018 The Origins
0%
No matching quizzes found
Score Distribution
Percent of People with Each Score
Percentile by Number Answered
Your Score History
You have not taken this quiz since the last reset